सु-राज तथा अन्य रेडियो नाटक (Record no. 4255)

MARC details
000 -LEADER
fixed length control field 01362 a2200277 4500
005 - DATE AND TIME OF LATEST TRANSACTION
control field 2008090400400.0
008 - FIXED-LENGTH DATA ELEMENTS--GENERAL INFORMATION
fixed length control field 080904t xxu||||| |||| 00| 0 hin d
010 ## - LIBRARY OF CONGRESS CONTROL NUMBER
LC control number HIN-79944
020 ## - INTERNATIONAL STANDARD BOOK NUMBER
Terms of availability 100.00
International Standard Book Number 8186919252
035 ## - SYSTEM CONTROL NUMBER
System control number HN-52290
037 ## - SOURCE OF ACQUISITION
Source of stock number/acquisition D.B.Act / pub
082 ## - DEWEY DECIMAL CLASSIFICATION NUMBER
Classification number 822
100 ## - MAIN ENTRY--PERSONAL NAME
Personal name जोशी, हिमांशु
245 ## - TITLE STATEMENT
Title सु-राज तथा अन्य रेडियो नाटक
Statement of responsibility, etc हिमांशु जोशी : रूपांतरित भारतरत्न भार्गव;रूपांतरित शैलेन्द्र
246 ## - VARYING FORM OF TITLE
Title proper/short title Su-raj Tatha anya radio natak
Remainder of title by Himanshu Joshi
260 ## - PUBLICATION, DISTRIBUTION, ETC. (IMPRINT)
Place of publication, distribution, etc दिल्ली
Name of publisher, distributor, etc साहित्य भारती
Date of publication, distribution, etc 2005
270 ## - ADDRESS
Address के-71, कृष्ण नगर
City दिल्ली
Postal code 110051
300 ## - PHYSICAL DESCRIPTION
Extent 115पृ
Dimensions 22 सेमी (सजिल्द)
500 ## - GENERAL NOTE
General note सन 2001 में आई हुई है
650 ## - SUBJECT ADDED ENTRY--TOPICAL TERM
Topical term or geographic name as entry element हिन्दी नाटक
650 ## - SUBJECT ADDED ENTRY--TOPICAL TERM
Topical term or geographic name as entry element Hindi Play
700 ## - ADDED ENTRY--PERSONAL NAME
Personal name भार्गव, भारतरत्न
700 ## - ADDED ENTRY--PERSONAL NAME
Personal name शैलेन्द्र
942 ## - ADDED ENTRY ELEMENTS (KOHA)
Institution code [OBSOLETE] dpl
Koha item type Hindi Books
Call number prefix 822 / जोशीहि
Source of classification or shelving scheme Dewey Decimal Classification
Classification part 822
Call number suffix जोशीहि
Holdings
Withdrawn status Lost status Damaged status Not for loan Home library Current library Date acquired Cost, normal purchase price Total Checkouts Full call number Barcode Date last seen Copy number Uniform Resource Identifier Cost, replacement price Price effective from Koha item type
        D.B.Act.Division D.B.Act.Division 04/09/2008 100.00   822 जोशीहि HN-52290 15/09/2008 1 4504 100.00 15/09/2008 Hindi Books

© Delhi Public Library
Hit Counter
free hit counter